[Event "Ostrava"]
[Site "Ostrava"]
[Date "1991.??.??"]
[Round "2"]
[White "Langner, Ladislav"]
[Black "Zeitlein, Michael"]
[Result "0-1"]
[WhiteElo "2360"]
[BlackElo "2480"]
[PlyCount "152"]
[EventDate "1991.09.??"]
[EventType "tourn"]
[EventRounds "9"]
[EventCountry "CZE"]
[EventCategory "9"]
[SourceTitle "CBM 026"]
[Source "ChessBase"]
[SourceDate "1992.02.01"]
[SourceVersion "1"]
[SourceVersionDate "1992.02.01"]
[SourceQuality "1"]

1. e4 c6 2. d4 d5 3. e5 Bf5 4. h4 h5 5. Ne2 e6 6. Ng3 Bg6 7. Be2 c5 8. Bxh5
Bxh5 9. Nxh5 Nc6 10. dxc5 Nxe5 11. Bg5 Qa5+ 12. Nd2 Qxc5 13. Nb3 Qb4+ 14. Bd2
Qe4+ 15. Kf1 Ng6 16. Bg5 Rc8 17. c3 f6 18. Bd2 Nxh4 19. Nf4 e5 20. Qg4 f5 21.
Qg5 Qc4+ 22. Kg1 Be7 23. Qxg7 Bf6 24. Qxb7 exf4 25. Bxf4 Ne7 26. Re1 Qc6 27.
Qxa7 d4 28. Rh2 dxc3 29. Nd4 Qd7 30. Qxd7+ Kxd7 31. bxc3 Rxc3 32. Rd1 Ke8 33.
Nb5 Rc2 34. Nd6+ Kf8 35. Kf1 Rxa2 36. g3 Nhg6 37. Rxh8+ Bxh8 38. Bh6+ Bg7 39.
Bg5 Ra6 40. Kg2 Rc6 41. Bc1 Be5 42. Ba3 Kg7 43. Rd2 Kf6 44. f4 Bxd6 45. Bxd6
Ng8 46. Ba3 Nh6 47. Bb2+ Ke6 48. Re2+ Kd5 49. Kf3 Rb6 50. Rd2+ Ke6 51. Bd4 Rb3+
52. Kg2 Ng4 53. Bc5 Nf6 54. Rd6+ Kf7 55. Rb6 Rxb6 56. Bxb6 Ne7 57. Kh3 Ned5 58.
Bd4 Ng4 59. Kh4 Kg6 60. Ba7 Nc3 61. Bc5 Ne4 62. Bd4 Kf7 63. Bb6 Ke6 64. Ba5 Kd5
65. Be1 Ne3 66. Kh5 Ke6 67. Kg6 Ng2 68. Ba5 Nxg3 69. Bc7 Ne3 70. Kg5 Kd5 71.
Kh4 Ne2 72. Kg5 Ke4 73. Bb8 Nd4 74. Ba7 Ne6+ 75. Kf6 Nxf4 76. Bb8 Ng4+ 0-1

[Event "Ostrava"]
[Site "Ostrava"]
[Date "1991.??.??"]
[Round "3"]
[White "Zeitlein, Michael"]
[Black "Haba, Petr"]
[Result "1-0"]
[WhiteElo "2480"]
[BlackElo "2485"]
[PlyCount "41"]
[EventDate "1991.09.??"]
[EventType "tourn"]
[EventRounds "9"]
[EventCountry "CZE"]
[EventCategory "9"]
[SourceTitle "CBM 026"]
[Source "ChessBase"]
[SourceDate "1992.02.01"]
[SourceVersion "1"]
[SourceVersionDate "1992.02.01"]
[SourceQuality "1"]

1. e4 e5 2. Nf3 Nc6 3. Nc3 Nf6 4. Bb5 Bb4 5. O-O O-O 6. Bxc6 bxc6 7. Nxe5 Qe8
8. Nd3 Bxc3 9. dxc3 Qxe4 10. Re1 Qh4 11. Qf3 Ba6 12. Ne5 Rae8 13. Bf4 Bc8 14.
Nd3 Nd5 15. Bg3 Qc4 16. Rxe8 Rxe8 17. Ne5 Rxe5 18. Bxe5 d6 19. Bd4 Ne7 20. b3
Qe6 21. Qe3 1-0

[Event "Ostrava"]
[Site "Ostrava"]
[Date "1991.??.??"]
[Round "8"]
[White "Zeitlein, Michael"]
[Black "Mikac, Matjaz"]
[Result "1-0"]
[WhiteElo "2480"]
[BlackElo "2425"]
[PlyCount "101"]
[EventDate "1991.09.??"]
[EventType "tourn"]
[EventRounds "9"]
[EventCountry "CZE"]
[EventCategory "9"]
[SourceTitle "CBM 026"]
[Source "ChessBase"]
[SourceDate "1992.02.01"]
[SourceVersion "1"]
[SourceVersionDate "1992.02.01"]
[SourceQuality "1"]

1. e4 c5 2. Nf3 g6 3. d4 Bg7 4. Nc3 cxd4 5. Nxd4 Nc6 6. Be3 Nf6 7. Nxc6 bxc6 8.
e5 Ng8 9. f4 f6 10. Bd4 Qa5 11. exf6 Nxf6 12. Bc4 d5 13. Bd3 Rb8 14. Qd2 O-O
15. Ne2 Qxd2+ 16. Kxd2 Nd7 17. Bxg7 Kxg7 18. Nd4 Rf6 19. Rae1 Kf7 20. b3 c5 21.
Nf3 Rxf4 22. Ng5+ Ke8 23. Nxh7 Rb6 24. g3 Rf2+ 25. Re2 Rxe2+ 26. Bxe2 Nf6 27.
Ng5 e5 28. c4 d4 29. Bd3 Ng4 30. Ne4 Bb7 31. Re1 Nxh2 32. Ng5 Ng4 33. Be4 Ne3
34. Rh1 Bxe4 35. Nxe4 Ke7 36. Rh7+ Ke6 37. Nxc5+ Kf5 38. Kd3 a5 39. Rf7+ Kg4
40. Re7 Nf5 41. Rxe5 Kxg3 42. Ne4+ Kf4 43. Re8 g5 44. Nf2 a4 45. c5 Rb4 46. Kd2
Rb7 47. Nd3+ Kg3 48. b4 Rh7 49. b5 Ne3 50. Nc1 Rh2+ 51. Kd3 1-0

[Event "Hastings Challengers 9192"]
[Site "Hastings"]
[Date "1991.??.??"]
[Round "?"]
[White "Hennigan, Michael"]
[Black "Zeitlein, Michael"]
[Result "0-1"]
[WhiteElo "2300"]
[BlackElo "2480"]
[PlyCount "80"]
[EventDate "1991.12.??"]
[EventType "swiss"]
[EventRounds "10"]
[EventCountry "ENG"]
[SourceTitle "CBM 026 Extra"]
[Source "ChessBase"]
[SourceDate "1992.03.01"]
[SourceVersion "1"]
[SourceVersionDate "1992.03.01"]
[SourceQuality "1"]

1. e4 c6 2. d4 d5 3. exd5 cxd5 4. c4 Nf6 5. Nc3 Nc6 6. Bg5 Be6 7. Bxf6 exf6 8.
c5 g6 9. Bb5 h5 10. Nge2 Bh6 11. O-O O-O 12. a3 f5 13. f4 Kh7 14. Bxc6 bxc6 15.
b4 a5 16. b5 cxb5 17. Nxb5 a4 18. Rb1 Qa5 19. Rb4 Rfb8 20. Nec3 Bd7 21. Nd6 Bc6
22. Qb1 Rf8 23. Qa2 Rad8 24. Qb2 Bg7 25. Rd1 Qc7 26. Nxa4 Qe7 27. Qd2 Ra8 28.
Re1 Qd8 29. Nc3 Rxa3 30. Rb6 Qa8 31. Ndb5 Bxb5 32. Nxb5 Ra2 33. Qc3 Re8 34.
Rxe8 Qxe8 35. h3 Qe4 36. Qf3 Ra1+ 37. Kh2 Qe1 38. Nc3 h4 39. Rb1 Rxb1 40. Nxb1
Bxd4 0-1

[Event "Hastings Challengers 9192"]
[Site "Hastings"]
[Date "1991.??.??"]
[Round "?"]
[White "Zeitlein, Michael"]
[Black "Mannion, Stephen R"]
[Result "1-0"]
[WhiteElo "2495"]
[BlackElo "2390"]
[PlyCount "79"]
[EventDate "1991.12.??"]
[EventType "swiss"]
[EventRounds "10"]
[EventCountry "ENG"]
[SourceTitle "CBM 026 Extra"]
[Source "ChessBase"]
[SourceDate "1992.03.01"]
[SourceVersion "1"]
[SourceVersionDate "1992.03.01"]
[SourceQuality "1"]

1. d4 Nf6 2. Nf3 c5 3. d5 b5 4. a4 Bb7 5. e4 Nxe4 6. Bxb5 g6 7. O-O Bg7 8. Re1
Nf6 9. Nc3 O-O 10. Bf4 d6 11. Qd2 a6 12. Bc4 Re8 13. h3 Nbd7 14. a5 Qc7 15. Re2
Rad8 16. Bh6 Bh8 17. Rae1 Qxa5 18. Rxe7 Rxe7 19. Rxe7 Re8 20. Rxe8+ Nxe8 21.
Qe2 Ne5 22. Nd2 Bg7 23. Bxg7 Kxg7 24. f4 Qa1+ 25. Kh2 Nxc4 26. Nxc4 Kf8 27. Qe3
Qf1 28. Na5 Bc8 29. Ne4 Qb5 30. Nc6 Qb7 31. Nxd6 Nxd6 32. Qe5 Kg8 33. Qxd6 Bf5
34. Qxc5 Kg7 35. b4 Qb5 36. Qd4+ f6 37. c4 Qa4 38. Qa7+ Kh6 39. Qf7 Qa1 40. Ne7
1-0

[Event "Hastings Challengers 9192"]
[Site "Hastings"]
[Date "1991.??.??"]
[Round "?"]
[White "Zeitlein, Michael"]
[Black "McNab, Colin Anderson"]
[Result "1-0"]
[WhiteElo "2480"]
[BlackElo "2425"]
[PlyCount "65"]
[EventDate "1991.12.??"]
[EventType "swiss"]
[EventRounds "10"]
[EventCountry "ENG"]
[SourceTitle "CBM 026 Extra"]
[Source "ChessBase"]
[SourceDate "1992.03.01"]
[SourceVersion "1"]
[SourceVersionDate "1992.03.01"]
[SourceQuality "1"]

1. d4 d6 2. e4 g6 3. Nc3 Bg7 4. Bg5 Nc6 5. Nge2 Nf6 6. Qd2 h6 7. Bh4 O-O 8.
O-O-O b5 9. Bxf6 exf6 10. Nxb5 Rb8 11. Ng3 a6 12. Nc3 f5 13. exf5 Nxd4 14. fxg6
fxg6 15. Bc4+ Kh7 16. h4 c5 17. Nge4 Bf5 18. Rde1 Qa5 19. Ng5+ Kh8 20. Nf7+ Kh7
21. Re7 Rxf7 22. Rxf7 Qb4 23. Bb3 Bxc2 24. Bxc2 Qxb2+ 25. Kd1 Qa1+ 26. Qc1 Nxc2
27. Rxg7+ Kxg7 28. Kxc2 Qxc1+ 29. Rxc1 Rf8 30. f3 Rf4 31. Rd1 Rxh4 32. Rxd6 Rh2
33. Rd2 1-0

[Event "Hastings Challengers 9192"]
[Site "Hastings"]
[Date "1991.??.??"]
[Round "?"]
[White "Zeitlein, Michael"]
[Black "Van Mil, Johan"]
[Result "1-0"]
[WhiteElo "2480"]
[BlackElo "2415"]
[PlyCount "103"]
[EventDate "1991.12.??"]
[EventType "swiss"]
[EventRounds "10"]
[EventCountry "ENG"]
[SourceTitle "CBM 026 Extra"]
[Source "ChessBase"]
[SourceDate "1992.03.01"]
[SourceVersion "1"]
[SourceVersionDate "1992.03.01"]
[SourceQuality "1"]

1. e4 c5 2. Nf3 e6 3. d4 cxd4 4. Nxd4 Nc6 5. Nc3 a6 6. f4 Nge7 7. Nf3 b5 8. Bd3
Bb7 9. Qe2 Nb4 10. O-O Nec6 11. Kh1 Be7 12. a4 Nxd3 13. cxd3 b4 14. Nb1 O-O 15.
Be3 d5 16. e5 d4 17. Bf2 Qd5 18. Nbd2 f6 19. Nc4 Rae8 20. Bh4 fxe5 21. Bxe7
Nxe7 22. Nfxe5 Rf6 23. Rf2 Nf5 24. Kg1 Qd8 25. Re1 Rh6 26. Qg4 Rf8 27. Qg5 Qxg5
28. fxg5 Rh5 29. Nd7 Rd8 30. Nc5 Bd5 31. Nxe6 Bxe6 32. Rxe6 Rxg5 33. Rxa6 Re8
34. g3 h5 35. Ra5 g6 36. Nd2 Re1+ 37. Rf1 Re3 38. Ne4 Rg4 39. Nf6+ Kg7 40. Nxg4
hxg4 41. Rb5 Rxd3 42. Rxb4 Re3 43. Rxf5 gxf5 44. Rxd4 Rb3 45. Rd2 Kf6 46. a5
Ke5 47. a6 Rb6 48. a7 Ra6 49. Rd7 Ke4 50. Kf2 Ra2 51. Rb7 Kd3 52. Rb3+ 1-0

[Event "Hastings Challengers 9192"]
[Site "Hastings"]
[Date "1991.??.??"]
[Round "?"]
[White "Zeitlein, Michael"]
[Black "Volzhin, Alexander"]
[Result "1-0"]
[WhiteElo "2480"]
[BlackElo "2335"]
[PlyCount "53"]
[EventDate "1991.12.??"]
[EventType "swiss"]
[EventRounds "10"]
[EventCountry "ENG"]
[SourceTitle "CBM 026 Extra"]
[Source "ChessBase"]
[SourceDate "1992.03.01"]
[SourceVersion "1"]
[SourceVersionDate "1992.03.01"]
[SourceQuality "1"]

1. e4 e5 2. Nc3 Nc6 3. f4 exf4 4. Nf3 g5 5. d4 Bg7 6. d5 Ne5 7. d6 Nxf3+ 8.
Qxf3 cxd6 9. h4 h6 10. Bc4 Nf6 11. g3 d5 12. Bxd5 d6 13. hxg5 hxg5 14. Rxh8+
Bxh8 15. gxf4 g4 16. Qh1 Bg7 17. f5 Qb6 18. Bb3 Bd7 19. Bf4 Bc6 20. O-O-O O-O-O
21. Qg2 d5 22. Nxd5 Nxd5 23. exd5 Bxd5 24. Qxg4 Bf6 25. Kb1 Bxb3 26. axb3 Qb4
27. Rxd8+ 1-0

[Event "Elekes Memorial"]
[Site "Budapest"]
[Date "1992.??.??"]
[Round "8"]
[White "Zeitlein, Michael"]
[Black "Petran, Pal"]
[Result "1-0"]
[WhiteElo "2480"]
[BlackElo "2470"]
[PlyCount "61"]
[EventDate "1992.06.??"]
[EventType "tourn"]
[EventRounds "11"]
[EventCountry "HUN"]
[EventCategory "8"]
[SourceTitle "EXT 1997"]
[Source "ChessBase"]
[SourceDate "1996.11.15"]
[SourceVersion "1"]
[SourceVersionDate "1996.11.15"]
[SourceQuality "1"]

1. e4 e5 2. Nc3 Nc6 3. f4 exf4 4. Nf3 g5 5. d4 Bg7 6. d5 Ne5 7. d6 Nxf3+ 8.
Qxf3 cxd6 9. h4 Be5 10. g3 g4 11. Qxg4 Nf6 12. Qf3 fxg3 13. Bg5 h6 14. Bf4 Qb6
15. Bxg3 Bxg3+ 16. Qxg3 Qxb2 17. Rd1 Rg8 18. Qf3 Ng4 19. Rg1 Qb4 20. Rd2 Rg6
21. Rxg4 Rxg4 22. Qf6 Kf8 23. Rf2 Rxe4+ 24. Be2 Ke8 25. Kf1 Re5 26. Qxf7+ Kd8
27. Qf6+ Kc7 28. Qxe5 dxe5 29. Nd5+ Kd6 30. Nxb4 a5 31. Rf6+ 1-0

[Event "Elekes Memorial"]
[Site "Budapest"]
[Date "1992.??.??"]
[Round "10"]
[White "Zeitlein, Michael"]
[Black "Almasi, Zoltan"]
[Result "1-0"]
[WhiteElo "2480"]
[BlackElo "2390"]
[PlyCount "61"]
[EventDate "1992.06.??"]
[EventType "tourn"]
[EventRounds "11"]
[EventCountry "HUN"]
[EventCategory "8"]
[SourceTitle "EXT 1997"]
[Source "ChessBase"]
[SourceDate "1996.11.15"]
[SourceVersion "1"]
[SourceVersionDate "1996.11.15"]
[SourceQuality "1"]

1. e4 e5 2. Nc3 Nc6 3. g3 Nf6 4. Bg2 Bc5 5. Nge2 d6 6. Na4 h5 7. h3 Be6 8. d3
a6 9. Nxc5 dxc5 10. b3 Qd6 11. f4 O-O-O 12. Be3 Bd7 13. O-O h4 14. g4 exf4 15.
Bxf4 Ne5 16. Qe1 Rde8 17. Kh1 Qb6 18. Bh2 Bc6 19. a3 Nfd7 20. Nf4 a5 21. Qc3 g6
22. g5 Rhf8 23. Rae1 f6 24. Nd5 Bxd5 25. exd5 Qd6 26. Qxa5 Kb8 27. b4 b6 28.
bxc5 bxa5 29. cxd6 cxd6 30. gxf6 Rxf6 31. d4 1-0

[Event "Berliner Sommer 10th"]
[Site "Berlin"]
[Date "1992.??.??"]
[Round "?"]
[White "Prandstetter, Eduard"]
[Black "Zeitlein, Michael"]
[Result "0-1"]
[WhiteElo "2365"]
[BlackElo "2495"]
[PlyCount "96"]
[EventDate "1992.08.??"]
[EventType "swiss"]
[EventRounds "9"]
[EventCountry "GER"]
[SourceTitle "EXT 1998"]
[Source "ChessBase"]
[SourceDate "1997.11.17"]
[SourceVersion "1"]
[SourceVersionDate "1997.11.17"]
[SourceQuality "1"]

1. e4 e5 2. Nf3 Nc6 3. Bb5 f5 4. Nc3 fxe4 5. Nxe4 d5 6. Nxe5 dxe4 7. Nxc6 Qg5
8. Qe2 Nf6 9. f4 Qxf4 10. Ne5+ c6 11. d4 Qh4+ 12. g3 Qh3 13. Bc4 Be6 14. Bf4
Rd8 15. O-O-O Bd6 16. Kb1 O-O 17. Rhe1 Rfe8 18. Bxe6+ Qxe6 19. c3 h6 20. h4 a6
21. Rf1 c5 22. Ng6 cxd4 23. cxd4 Nd5 24. Bxd6 Qxg6 25. Be5 e3+ 26. Ka1 Rc8 27.
Rc1 Qe4 28. a3 Rxc1+ 29. Rxc1 Rf8 30. Qc4 b5 31. Qc5 e2 32. Ka2 Rf1 33. Qc8+
Kh7 34. Qd7 Qg6 35. h5 Qg5 36. Qxd5 Qxc1 37. Qe4+ Kg8 38. Qa8+ Rf8 39. Qd5+ Kh8
40. Bxg7+ Kxg7 41. Qe5+ Rf6 42. Qe7+ Rf7 43. Qe5+ Kf8 44. Qh8+ Ke7 45. Qe5+ Kd8
46. Qd6+ Rd7 47. Qb8+ Qc8 48. Qb6+ Ke7 0-1

[Event "Berliner Sommer 10th"]
[Site "Berlin"]
[Date "1992.??.??"]
[Round "?"]
[White "Stern, Rene"]
[Black "Zeitlein, Michael"]
[Result "0-1"]
[WhiteElo "2375"]
[BlackElo "2495"]
[PlyCount "84"]
[EventDate "1992.08.??"]
[EventType "swiss"]
[EventRounds "9"]
[EventCountry "GER"]
[SourceTitle "EXT 1998"]
[Source "ChessBase"]
[SourceDate "1997.11.17"]
[SourceVersion "1"]
[SourceVersionDate "1997.11.17"]
[SourceQuality "1"]

1. d4 Nf6 2. c4 g6 3. Nf3 Bg7 4. g3 O-O 5. Bg2 c6 6. O-O d6 7. Nc3 Qa5 8. h3
Be6 9. Qd3 Qa6 10. b3 d5 11. Nd2 Nbd7 12. Bb2 Nb6 13. e4 Rfd8 14. Qe3 dxc4 15.
Rfd1 Qa5 16. Nf3 h6 17. Ne2 g5 18. Bc3 Qa3 19. Nd2 c5 20. d5 Bxd5 21. Nb1 Qa6
22. exd5 Nfxd5 23. Qf3 Nxc3 24. Nbxc3 Rd3 25. Qxb7 Qxb7 26. Bxb7 Rb8 27. Be4
Bxc3 28. Bxd3 Bxa1 29. Bxc4 Be5 30. Bb5 e6 31. Kg2 Kf8 32. a4 Ke7 33. f4 gxf4
34. gxf4 Bf6 35. Kf3 Nd5 36. f5 Rd8 37. fxe6 fxe6 38. Nf4 Bd4 39. Re1 Nxf4 40.
Kxf4 Rf8+ 41. Ke4 Rf5 42. Bc4 h5 0-1

[Event "Katerini op"]
[Site "Katerini"]
[Date "1992.??.??"]
[Round "?"]
[White "Kindermann, Stefan"]
[Black "Zeitlein, Michael"]
[Result "0-1"]
[WhiteElo "2505"]
[BlackElo "2495"]
[PlyCount "64"]
[EventDate "1992.08.??"]
[EventType "swiss"]
[EventRounds "9"]
[EventCountry "GRE"]
[SourceTitle "CBM 032 Extra"]
[Source "ChessBase"]
[SourceDate "1993.03.01"]
[SourceVersion "1"]
[SourceVersionDate "1993.03.01"]
[SourceQuality "1"]

1. e4 c5 2. Nf3 Nc6 3. d4 cxd4 4. Nxd4 Nf6 5. Nc3 d6 6. Be2 e5 7. Nf3 h6 8. O-O
Be7 9. Re1 O-O 10. h3 Be6 11. Bf1 Rc8 12. Nd5 Nb8 13. c4 Na6 14. b3 Nc5 15.
Nxe7+ Qxe7 16. Nd2 Bd7 17. f3 a6 18. Ba3 Nh5 19. Nb1 Qg5 20. Bxc5 Rxc5 21. Qxd6
Bxh3 22. Qxc5 Bxg2 23. Bxg2 Nf4 24. Qf2 Nh3+ 25. Kf1 Nxf2 26. Kxf2 Rd8 27. Nc3
Rd3 28. Ne2 Qe3+ 29. Kf1 Rd2 30. b4 h5 31. Rad1 Rxa2 32. Ra1 Rc2 0-1

[Event "Katerini op"]
[Site "Katerini"]
[Date "1992.??.??"]
[Round "?"]
[White "Zeitlein, Michael"]
[Black "Skembris, Spyridon"]
[Result "1-0"]
[WhiteElo "2495"]
[BlackElo "2520"]
[PlyCount "67"]
[EventDate "1992.08.??"]
[EventType "swiss"]
[EventRounds "9"]
[EventCountry "GRE"]
[SourceTitle "CBM 032 Extra"]
[Source "ChessBase"]
[SourceDate "1993.03.01"]
[SourceVersion "1"]
[SourceVersionDate "1993.03.01"]
[SourceQuality "1"]

1. Nf3 Nf6 2. g3 d5 3. Bg2 c5 4. O-O Nc6 5. d4 e6 6. c4 Be7 7. cxd5 exd5 8. Nc3
O-O 9. dxc5 Bxc5 10. Bg5 d4 11. Bxf6 Qxf6 12. Nd5 Qd8 13. Ne1 Be6 14. Nf4 Qb6
15. Nxe6 fxe6 16. Nd3 Bd6 17. Qa4 Rad8 18. Rac1 Ne5 19. Nf4 Rxf4 20. gxf4 Ng6
21. f5 Nf4 22. Qc4 Qa5 23. fxe6 Kf8 24. e3 b5 25. Qc6 Ne2+ 26. Kh1 Nxc1 27.
Rxc1 Be7 28. Qf3+ Bf6 29. Qh5 Ke7 30. Qf7+ Kd6 31. Rc6+ Ke5 32. f4+ Kf5 33.
Rc5+ Kg4 34. Qh5# 1-0

[Event "Komotini op"]
[Site "Komotini"]
[Date "1992.??.??"]
[Round "?"]
[White "Tzermiadianos, Andreas"]
[Black "Zeitlein, Michael"]
[Result "0-1"]
[WhiteElo "2300"]
[BlackElo "2495"]
[PlyCount "142"]
[EventDate "1992.08.??"]
[EventType "swiss"]
[EventRounds "9"]
[EventCountry "GRE"]
[SourceTitle "EXT 2000"]
[Source "ChessBase"]
[SourceDate "1999.11.16"]
[SourceVersion "1"]
[SourceVersionDate "1999.11.16"]
[SourceQuality "1"]

1. e4 c5 2. c3 d6 3. d4 Nd7 4. Nf3 e6 5. Bd3 Ngf6 6. O-O Be7 7. Qe2 cxd4 8.
cxd4 e5 9. dxe5 dxe5 10. Rd1 O-O 11. Nc3 Qc7 12. Bg5 h6 13. Bxf6 Nxf6 14. Rac1
Qa5 15. Nd5 Nxd5 16. exd5 Bd6 17. Nxe5 Re8 18. Nc4 Rxe2 19. Nxa5 Re8 20. h3 Kf8
21. a3 Bf4 22. Rc4 g5 23. Rc2 Rd8 24. Be4 Re8 25. Re2 Rb8 26. Bf3 Rxe2 27. Bxe2
Bd7 28. g3 Bc7 29. Nc4 Rd8 30. Bg4 f5 31. Bf3 Bb5 32. Ne3 f4 33. Nf5 fxg3 34.
fxg3 Ba4 35. Rf1 Bb5 36. Rc1 Be5 37. Kg2 h5 38. Bxh5 Bd3 39. Ne3 Bxb2 40. Rd1
Be4+ 41. Bf3 Bxf3+ 42. Kxf3 Bxa3 43. Kg4 a5 44. Kxg5 b5 45. h4 Ke7 46. Nf5+ Kd7
47. h5 a4 48. Rb1 b4 49. h6 b3 50. h7 Bc5 51. Kh5 Kc7 52. Ng7 Kd6 53. Ne6 Ra8
54. Nxc5 Kxc5 55. d6 Kb4 56. d7 a3 57. Rc1 b2 58. Rc8 b1=Q 59. d8=Q Qf5+ 60.
Kh4 Qxc8 61. Qd2+ Qc3 62. Qd6+ Kb3 63. Qd1+ Kb4 64. Qb1+ Kc4 65. Qf1+ Qd3 66.
Qf7+ Qd5 67. Qf1+ Kb4 68. Qb1+ Ka5 69. g4 Rh8 70. Kg3 Qe5+ 71. Kg2 Qb2+ 0-1

[Event "Ciocaltea Memorial"]
[Site "Bucharest"]
[Date "1993.??.??"]
[Round "?"]
[White "Zeitlein, Michael"]
[Black "Timoshenko, Georgy"]
[Result "1-0"]
[WhiteElo "2485"]
[BlackElo "2515"]
[PlyCount "67"]
[EventDate "1993.02.??"]
[EventType "tourn"]
[EventRounds "15"]
[EventCountry "ROU"]
[EventCategory "10"]
[SourceTitle "CBM 034"]
[Source "ChessBase"]
[SourceDate "1993.06.01"]
[SourceVersion "1"]
[SourceVersionDate "1993.06.01"]
[SourceQuality "1"]

1. d4 Nf6 2. Bg5 e6 3. Nf3 h6 4. Bh4 Be7 5. Nbd2 d5 6. e3 b6 7. Ne5 O-O 8. f4
c5 9. c3 Ne4 10. Bxe7 Qxe7 11. Nxe4 dxe4 12. Bc4 Nd7 13. O-O Nxe5 14. fxe5 Bb7
15. Qg4 Bd5 16. Bxd5 exd5 17. Rf6 Kh7 18. Raf1 Qc7 19. Rd6 cxd4 20. exd4 Qc4
21. Rd7 Qxa2 22. e6 Qxb2 23. Qf5+ Kh8 24. e7 Rg8 25. Qxd5 Rae8 26. Qxe4 Qxc3
27. Rxa7 b5 28. Rb7 b4 29. h3 b3 30. Rb1 Qc2 31. Qxc2 bxc2 32. Rc1 Rc8 33. d5
Rc4 34. Rd7 1-0

[Event "Budapest FS06 GM"]
[Site "Budapest"]
[Date "1993.??.??"]
[Round "4"]
[White "Blauert, Joerg"]
[Black "Zeitlein, Michael"]
[Result "0-1"]
[WhiteElo "2395"]
[BlackElo "2485"]
[PlyCount "204"]
[EventDate "1993.06.??"]
[EventType "tourn"]
[EventRounds "13"]
[EventCountry "HUN"]
[EventCategory "8"]
[SourceTitle "EXT 1997"]
[Source "ChessBase"]
[SourceDate "1996.11.15"]
[SourceVersion "1"]
[SourceVersionDate "1996.11.15"]
[SourceQuality "1"]

1. e4 c5 2. c3 Nf6 3. e5 Nd5 4. d4 cxd4 5. Nf3 d6 6. cxd4 Nc6 7. Bc4 Nb6 8. Bb5
a6 9. Bxc6+ bxc6 10. Nc3 Bg4 11. h3 Bh5 12. Bf4 e6 13. exd6 Bxd6 14. Bxd6 Qxd6
15. O-O O-O 16. Qe2 Bxf3 17. Qxf3 Qxd4 18. Qxc6 Rfc8 19. Qf3 Qb4 20. Rfd1 Rab8
21. Rab1 h6 22. Qd3 a5 23. Ne2 Nd5 24. b3 Rc5 25. Rbc1 Rbc8 26. Rxc5 Rxc5 27.
Rd2 g6 28. Rd1 Kg7 29. Kf1 Nf6 30. Rc1 Rd5 31. Qc3 Qd6 32. Ng3 e5 33. Re1 Rc5
34. Qb2 Qd5 35. Qe2 Qc6 36. Ne4 Rc2 37. Qf3 Rxa2 38. Nxf6 Qxf6 39. Qe3 Rb2 40.
Kg1 e4 41. Qc5 Rxb3 42. Qxa5 Qd4 43. Qc7 g5 44. Qc2 Rd3 45. Qc6 Rd1 46. Rxd1
Qxd1+ 47. Kh2 Qd4 48. Kg1 h5 49. Qb5 f6 50. Qb7+ Kg6 51. Qc8 Qd1+ 52. Kh2 Qd6+
53. Kg1 h4 54. Qg8+ Kf5 55. Qc8+ Qe6 56. Qh8 Qd7 57. Qg8 Qd1+ 58. Kh2 Qd6+ 59.
Kg1 Qc5 60. Qh7+ Ke5 61. Qg7 Qd6 62. Qb7 Kf4 63. Qb3 Qd4 64. Qb8+ Qe5 65. Qc8
Qa1+ 66. Kh2 Qd4 67. Kg1 Qb6 68. Qc1+ Kf5 69. Qc8+ Ke5 70. Qc3+ Kd5 71. Qd2+
Ke6 72. Qc3 Qb1+ 73. Kh2 Qd3 74. Qc8+ Qd7 75. Qg8+ Ke5 76. Qc4 Qd4 77. Qb5+ Kd6
78. Qb8+ Kc6 79. Qa8+ Kb6 80. Kg1 Qd1+ 81. Kh2 Qd6+ 82. Kg1 Qc6 83. Qd8+ Kc5
84. Qd2 Kc4 85. Qc2+ Kd5 86. Qd2+ Ke6 87. Qd4 Kf5 88. Qd2 Qc5 89. Qd7+ Ke5 90.
Qd2 Qd4 91. Qa5+ Ke6 92. Qa6+ Kf7 93. Qb7+ Kg6 94. Qc8 Qa1+ 95. Kh2 Qe5+ 96.
Kg1 e3 97. fxe3 Qxe3+ 98. Kh1 Qd4 99. Qe8+ Kf5 100. Qc8+ Kf4 101. Qc1+ Qe3 102.
Qc7+ Qe5 0-1

[Event "Budapest FS06 GM"]
[Site "Budapest"]
[Date "1993.??.??"]
[Round "8"]
[White "Magyar, Otto"]
[Black "Zeitlein, Michael"]
[Result "0-1"]
[WhiteElo "2390"]
[BlackElo "2485"]
[PlyCount "58"]
[EventDate "1993.06.??"]
[EventType "tourn"]
[EventRounds "13"]
[EventCountry "HUN"]
[EventCategory "8"]
[SourceTitle "EXT 1997"]
[Source "ChessBase"]
[SourceDate "1996.11.15"]
[SourceVersion "1"]
[SourceVersionDate "1996.11.15"]
[SourceQuality "1"]

1. Nf3 d5 2. d4 c5 3. c4 e6 4. cxd5 exd5 5. Nc3 Nc6 6. g3 c4 7. Bg2 Bb4 8. O-O
Nge7 9. Bd2 O-O 10. b3 Qa5 11. Qe1 b5 12. a3 Bxc3 13. Bxc3 Qc7 14. bxc4 bxc4
15. Ne5 Rd8 16. Nxc6 Nxc6 17. e4 Be6 18. f4 dxe4 19. f5 Bd5 20. f6 Rd6 21. Qe2
Re8 22. Rae1 Qd8 23. fxg7 Rg6 24. Rf4 Qd6 25. Qh5 h6 26. Rh4 Ree6 27. Bb2 Rg5
28. Qd1 e3 29. Bh3 Rxg3+ 0-1

[Event "Berliner Sommer 11th"]
[Site "Berlin"]
[Date "1993.??.??"]
[Round "?"]
[White "Shchekachev, Andrei"]
[Black "Zeitlein, Michael"]
[Result "0-1"]
[WhiteElo "2475"]
[BlackElo "2430"]
[PlyCount "100"]
[EventDate "1993.08.??"]
[EventType "swiss"]
[EventRounds "9"]
[EventCountry "GER"]
[SourceTitle "EXT 1997"]
[Source "ChessBase"]
[SourceDate "1996.11.15"]
[SourceVersion "1"]
[SourceVersionDate "1996.11.15"]
[SourceQuality "1"]

1. e4 c5 2. Nc3 Nc6 3. g3 g6 4. Bg2 Bg7 5. d3 Rb8 6. Nh3 b5 7. a3 Nd4 8. O-O d6
9. Bd2 a5 10. Rb1 Nf6 11. Nf4 O-O 12. a4 b4 13. Ncd5 Nd7 14. c3 Nc6 15. Ne2 Ba6
16. c4 e6 17. Ne3 Nd4 18. h4 Bb7 19. Ng4 h5 20. Nxd4 cxd4 21. Nh2 Nc5 22. Bg5
Qd7 23. Re1 f6 24. Bc1 Qxa4 25. b3 Qd7 26. Bh3 f5 27. Nf3 Rbe8 28. Ng5 Bf6 29.
Rb2 Bc6 30. Bf4 e5 31. Bc1 Qg7 32. exf5 gxf5 33. Ra2 a4 34. bxa4 b3 35. Rb2 Qg6
36. a5 e4 37. dxe4 fxe4 38. Bf4 Be5 39. Bxe5 dxe5 40. Rxb3 Nxb3 41. Qxb3 Rb8
42. Qa2 Kh8 43. a6 Ba8 44. c5 Rf6 45. Qa5 e3 46. f4 exf4 47. Qc7 Rbf8 48. gxf4
d3 49. Qe5 d2 50. Ra1 Qd3 0-1

[Event "Berliner Sommer 11th"]
[Site "Berlin"]
[Date "1993.??.??"]
[Round "?"]
[White "Szell, Lajos"]
[Black "Zeitlein, Michael"]
[Result "0-1"]
[WhiteElo "2315"]
[BlackElo "2430"]
[PlyCount "46"]
[EventDate "1993.08.??"]
[EventType "swiss"]
[EventRounds "9"]
[EventCountry "GER"]
[SourceTitle "EXT 1997"]
[Source "ChessBase"]
[SourceDate "1996.11.15"]
[SourceVersion "1"]
[SourceVersionDate "1996.11.15"]
[SourceQuality "1"]

1. e4 c5 2. Nc3 Nc6 3. f4 g6 4. Nf3 Bg7 5. Bb5 Nd4 6. O-O Nxb5 7. Nxb5 d6 8. d3
Nf6 9. Nc3 O-O 10. Qe1 Bd7 11. Qh4 b5 12. f5 b4 13. Nd1 e6 14. Bg5 exf5 15. Ne3
h6 16. Bxh6 Ng4 17. Bg5 f6 18. exf5 fxg5 19. Nxg5 Bh6 20. f6 Rxf6 21. Nxg4
Rxf1+ 22. Rxf1 Bxg5 23. Nf6+ Qxf6 0-1